Automatizovaný systém kontroly zhody pri výrobe betónu

Bibliographic Details
Main Author: Unčík, Stanislav, 1959- (Author)
Format: Article
Language:Slovak
PhysicalDescription:Obr.
ISSN:1335-1249
Subjects:

MARC

LEADER 00000nab a2200000 a 4500
001 vtls008162983
003 SK-MaSNL
005 20260304150149.0
008 250505c2005 xo zr|p|||||||000 b|slo
015 |a SNBRB2005/06  |2 snkbucl 
035 |a (uuid)6bfe968b-e88a-42a9-914d-892b1f53ca9d 
035 |a urn:nbn:sk:snk-abaetd 
035 |a (urnnbn)urn:nbn:sk:snk:ar-008dpm 
038 |a SNKBUCL 
040 |a SNKBUCL  |b slo  |c SNKBUCL  |e AACR2 
041 0 |a slo 
044 |a xo  |c SK 
080 |a 666.97.017:539.4:006:004.9  |x (437.6)  |x (4)  |2 1997 
080 |a 658.56  |2 1997 
080 |a 006  |x (437.6)  |x (4)  |2 1997 
080 |a 004.9  |2 1997 
100 1 |a Unčík, Stanislav,  |d 1959-  |4 aut  |9 215176 
245 1 0 |a Automatizovaný systém kontroly zhody pri výrobe betónu  |c Stanislav Unčík 
300 |b Obr. 
650 0 7 |a betón  |2 snkbucl  |9 1685 
650 0 7 |a výroba betónu  |2 snkbucl  |9 4003 
650 0 7 |a zhoda výrobkov  |2 snkbucl  |9 1328066 
650 0 7 |a technické požiadavky na výrobky  |2 snkbucl  |9 1524 
650 0 7 |a pevnosť  |2 snkbucl  |9 1636 
650 0 7 |a SPC betón (softvér)  |2 snkbucl  |9 1470084 
650 0 7 |a technické normy a štandardy  |2 snkbucl  |9 69944 
773 0 |t Eurostav  |g Roč. 11, č. 2 (2005), s. [78-79]  |x 1335-1249 
850 |a Slovenská národná knižnica 
852 |a Slovenská národná knižnica 
954 |a odborná, vedecká literatúra pôvodná (slovenská)  |2 lita 
958 |a article14 
958 |a OND 
958 |a EUIPO 
999 |c 2938017  |d 2939947